000 00300nam a2200121Ia 4500
008 220204s9999 xx 000 0 und d
082 _a541.14
_bTUR
100 _aTorro, Nicholas J
245 0 _aMolecular photochemistry
260 _aLondon
_bBenjamin
_c1965
650 _aPhotochemistry
942 _cBK
999 _c33404
_d33404